Widok standardowy
Widok MARC
Pozycja Topical Term
Liczba rekordów, w których użyto hasła: 2
001 - Numer kontrolny
- control field: 38851
003 - Identyfikator numeru kontrolnego
- control field: NUKAT
005 - Data i czas ostatniej modyfikacji
- control field: 20260324090225.0
008 - Dane kontrolne kodowane (40 znaków)
- fixed length control field: 050119n||azznnbabn |a ana |
010 ## - Numer kontrolny Biblioteki Kongresu
- numer kontrolny LC: p 2004325971
035 ## - Numer systemowy
- numer systemowy: a16454741
035 ## - Numer systemowy
- numer systemowy: (PL)a0000001645474
040 ## - Instytucja sporządzająca rekord
- inst. przygot. dane do rek. khw: WA N
- język haseł przedmiotowych/tezaurus: DBN
- inst. wprow. rek. khw: WA N
072 ## - Kod kategorii przedmiotu
- kod kategorii przedmiotu: 26
150 ## - Hasło - nazwa pospolita
- nazwa posp. lub nazwa geogr. na pocz.: Antypolonizm
450 ## - Trop zob. - nazwa pospolita
- nazwa posp. lub nazwa geogr. na pocz.: Polonofobia
450 ## - Trop zob. - nazwa pospolita
- nazwa posp. lub nazwa geogr. na pocz.: Polakożerstwo
550 ## - Trop zob. też - nazwa pospolita
- podpole kontrolne: g
- nazwa posp. lub nazwa geogr. na pocz.: Postawy
550 ## - Trop zob. też - nazwa pospolita
- nazwa posp. lub nazwa geogr. na pocz.: Ideologia
550 ## - Trop zob. też - nazwa pospolita
- nazwa posp. lub nazwa geogr. na pocz.: Akcja Saybusch
550 ## - Trop zob. też - nazwa pospolita
- nazwa posp. lub nazwa geogr. na pocz.: Operacja polska NKWD (1937-1938)
682 ## - Informacja o usuniętym haśle
- tekst wyjaśniający: zatwierdzone